000 00195nam a22000857a 4500
999 _c23731
_d23731
005 20250212120518.0
008 250212b ||||| |||| 00| 0 eng d
040 _csk
245 _aZáchody celého sveta